Universidad y derechos humanos: seminario

Spremljeno u:
Bibliografski detalji
Autor kompanije: Pontificia Universidad Católica de Valparaíso (Autor)
Format: Knjiga
Jezik:španjolski
Izdano: Valparaíso Pontificia Universidad Católica de Valparaíso 2005
Izdanje:2a. ed
Teme:
Oznake: Dodaj oznaku
Bez oznaka, Budi prvi tko označuje ovaj zapis!

MARC

LEADER 00000cam a2200000 a 4500
001 UCK5626
003 CL-VaPUC
005 20240102132943.0
008 050805e20050600cl 1 spa d
082 0 4 |a 378.001  |b PON  |2 21 
110 2 |a Pontificia Universidad Católica de Valparaíso  |e author  |9 620779 
245 1 0 |a Universidad y derechos humanos: seminario 
250 |a 2a. ed 
260 |a Valparaíso  |b Pontificia Universidad Católica de Valparaíso  |c 2005 
300 |a 169 p 
500 |a Ponencias: Mons. Camilo Vial Risopatrón, Andrés Domínguez Vial, Mons. Carlos Camus Larenas, Jaime Castillo Velasco 
583 |a last modification  |c 20190826 09:26:45  |k Rodrigo Vera 
650 0 0 |a Educación superior   |9 223851 
650 0 0 |a Universidades  |9 256317 
650 0 0 |a Derechos humanos  |9 223025 
650 0 0 |a Educación moral  |9 308319 
942 |c BK 
945 |a jcarroza  |d 20050805 00:00:00 
546 |a En Español 
536 |a Asociación de Académicos 
536 |a Federación de Estudiantes 
536 |a Sindicato Alberto Hurtado 
536 |a Sindicato N§1 
518 |p Seminario Universidad y Derechos Humanos, 1, Valparaíso, 27 de marzo de 1986 
999 |c 384155  |d 384153 
952 |0 0  |1 0  |4 0  |6 378_001000000000000_PON_2005  |7 0  |8 A  |9 506648  |a BIBGIM  |b BIBGIM  |d 2020-01-23  |i 4151844  |o 378.001 PON 2005  |p 4151844  |r 2025-01-15  |w 2020-01-23  |y BK  |k GIM 
952 |0 0  |1 0  |2 ddc  |4 0  |6 378_001000000000000_PON_2005  |7 0  |8 P  |9 506650  |a BIBDER  |b BIBDER  |d 2020-01-23  |i 4154975  |o 378.001 PON 2005  |p 4154975  |r 2023-01-25  |w 2020-01-23  |y BK  |k DER 
952 |0 0  |1 0  |4 0  |6 378_001000000000000_PON_2005  |7 0  |8 A  |9 506651  |a BIBHIS  |b BIBHIS  |d 2020-01-23  |i 4152441  |o 378.001 PON 2005  |p 4152441  |r 2025-01-20  |w 2020-01-23  |y BK  |k HIS 
952 |0 0  |1 0  |4 0  |6 378_001000000000000_PON_2005  |7 0  |8 A  |9 506652  |a BIBHIS  |b BIBHIS  |d 2020-01-23  |i 415245K  |o 378.001 PON 2005  |p 415245K  |r 2025-01-20  |w 2020-01-23  |y BK  |k HIS 
952 |0 0  |1 0  |3 erb  |4 0  |6 378_001000000000000_PON_2005  |7 0  |8 A  |9 506653  |a BIBDER  |b BIBDER  |i 5136997  |o 378.001 PON 2005  |p 5136997  |r 2020-01-23  |w 2020-01-23  |y BK  |z Catalogado en:20150305  |k DER